000 00346 a2200085 4500
100 1 _aTafel, Hans Joerg.
_eAutor
245 0 _aDatentechnik :
_bGrundlagen, Baugruppen, Geraete. Neuausgabe des Werkes "Einfuehrung in die digitale Datenverarbeitung." /
_cTafel Hans Joerg.
710 2 _aHanser.
_eWydawca
_4pbl
260 _aMuenchen :
_bHanser,
_c1978.
300 _a279 s.;
_c25 cm.
999 _c12435
_d12435